| 000 | 02265nam0a2200397 4500 | ||
|---|---|---|---|
| 001 | RU\NLR\bibl\900549 | ||
| 005 | 20260405094832.0 | ||
| 010 |
_a5-9571-0144-3 _9300 |
||
| 021 |
_aRU _b2005-78436 _93869 |
||
| 035 | _a(NLR Aleph) 000888985 | ||
| 090 |
_a1706323 _c1706323 |
||
| 100 | _a20060126d2005 |||y0rusy50 ca | ||
| 101 | 0 |
_arus _deng |
|
| 102 | _aRU | ||
| 105 | _aa ||||||||| | ||
| 200 | 1 |
_aВоспроизводство почв в антропогенных ландшафтах лесостепи _dReproduction of soils in antrhropogenous lardscapes of forest-steppe zone _fП.В. Голеусов, Ф.Н. Лисецкий _gМ-во образования и науки Рос. Федерации, Белгород. гос. ун-т _zeng |
|
| 210 |
_aБелгород _cИзд-во Белгородского государственного университета _d2005 |
||
| 215 |
_a229,[1] с. _cил. _d21 |
||
| 300 | _aАвт. также на англ. яз.: P.V. Goleusov, F.N. Lisetskii | ||
| 300 | _aНа 229-й с. авт.: Голеусов П.В. к.геогр.н., преп., Лисецкий Ф.Н. к.геогр.н., д.геогр.н., проф., чл.-корр. Петров. акад. наук и искусств, акад. | ||
| 300 | _aРез. на англ. яз. | ||
| 320 | _aБиблиогр.: с. 205-226 | ||
| 510 | 0 |
_6z33790 _aReproduction of soils in antrhropogenous lardscapes of forest-steppe zone _zeng |
|
| 606 | 1 |
_aЛесостепные почвы _xОбразование _xВлияние антропических факторов _92416615 _3RU\NLR\auth\661439462 |
|
| 686 | _aП031.9 | ||
| 700 | 1 |
_4070 _8rus _7ca _aГолеусов _bП.В. _f1976- _gПавел Вячеславович _3RU\NLR\auth\7735443 _918440 |
|
| 701 | 1 |
_4070 _8rus _7ca _aЛисецкий _bФ.Н. _f1958- _gФедор Николаевич _3RU\NLR\auth\7735445 _918442 |
|
| 790 | 1 |
_4070 _8rus _7ba _aGoleusov _bP.V. _f1976- _gPavel Vjačeslavovič _3RU\NLR\auth\7735444 _918441 |
|
| 790 | 1 |
_4070 _8rus _7ba _aLiseckij _bF.N. _f1958- _gFedor Nikolaevič _3RU\NLR\auth\7735447 _918444 |
|
| 801 | 0 |
_aRU _bNLR _c20060126 _grcr |
|
| 801 | 1 |
_aRU _bNLR _c20060126 |
|
| 830 | _aавт. по кн. | ||
| 942 | _cBOOK | ||
| 980 | _aNB | ||
| 980 | _aNBR | ||